Statistics for #1 Hits of the 2020s

Click here to take the quiz!

General Stats

  • This quiz has been taken 43,056 times
    (15,164 since last reset)
  • The average score is 25 of 48

Answer Stats

#1'sSongsArtist% Correct
1All I Want for Christmas Is YouMariah Carey
97%
2Save Your Tears, Die for You
The Weeknd /
Ariana Grande
89%
6
All Too Well / Willow / Cardigan / Anti-Hero /
Cruel Summer / Is It Over Now?
Taylor Swift
88%
1Stuck With U
Ariana Grande /
Justin Bieber
85%
1Blinding LightsThe Weeknd
85%
2Watermelon Sugar / As It WasHarry Styles
83%
3Good 4 U / Drivers License / VampireOlivia Rodrigo
79%
1Industry Baby
Lil Nas X /
Jack Harlow
78%
1Rain on Me
Lady Gaga /
Ariana Grande
77%
1Stay
Justin Bieber /
The Kid LAROI
76%
1WAP
Cardi B /
Megan Thee Stallion
74%
1PeachesJustin Bieber
74%
1Ariana GrandeAriana Grande
73%
1Montero (Call Me By Your Name)Lil Nas X
73%
2Say So / Paint the Town RedDoja Cat
67%
1FlowersMiley Cyrus
67%
1CirclesPost Malone
67%
1UpCardi B
64%
1My UniverseBTS / Coldplay
63%
6
Way Too Sex / What's Next / Toosie Slide / Jimmy Cooks /
Slime You Out / First Person Shooter
Drake
63%
1Easy on MeAdele
62%
1Unholy
Sam Smith /
Kim Petras
61%
4Permission to Dance / Butter / Life Goes On / DynamiteBTS
60%
1Trollz
6ix9ine / Nicki Minaj
54%
1About Damn TimeLizzo
53%
1Super Freaky GirlNicki Minaj
53%
2First Class / Lovin on MeJack Harlow
52%
1Kill BillSZA
52%
1Leave the Door Open
Silk Sonic
49%
1SavageMegan Thee Stallion
49%
1Break My SoulBeyoncé
42%
1Heat WaveaGlass Animals
42%
1Savage Love
Jawsh 365 /
Jason Derulo
39%
1The Scotts
The Scotts
37%
1The BoxRoddy Ricch
37%
1FranchiseTravis Scott
35%
1Bad HabitSteve Lacy
25%
1Rockin' Around the Christmas TreeBrenda Lee
23%
1Last NightMorgan Wallen
22%
1RockstarDaBaby
18%
1Mood
24kGoldn /
iann dior
18%
1Try That in a Small TownJason Aldean
16%
1SevenJungkook
15%
1RapstarPolo G
15%
1I Remember EverythingZach Bryan
15%
1Wait for UFuture
14%
1Rich Men North of RichmondOliver Anthony
11%
1Like CrazyJimin
8%

Score Distribution

Percentile by Number Answered

Percent of People with Each Score

Your Score History

You have not taken this quiz since the last reset